Papeles de la noche / (Record no. 9234)
[ view plain ]
| 000 -CABECERA | |
|---|---|
| campo de control de longitud fija | 00773nam a2200229 a 4500 |
| 001 - NÚMERO DE CONTROL | |
| campo de control | 000009474 |
| 005 - FECHA Y HORA DE LA ÚLTIMA TRANSACCIÓN | |
| campo de control | 20240412074211.0 |
| 008 - DATOS DE LONGITUD FIJA--INFORMACIÓN GENERAL | |
| campo de control de longitud fija | 090930s1998 dr 000 p spa d |
| 040 ## - FUENTE DE LA CATALOGACIÓN | |
| Centro catalogador/agencia de origen | DO-SdBNP |
| Lengua de catalogación | spa |
| Centro/agencia transcriptor | BNPHU |
| 082 ## - NÚMERO DE LA CLASIFICACIÓN DECIMAL DEWEY | |
| Número de clasificación | RD861.44 |
| Número de documento/Ítem | N124p |
| 100 1# - ENTRADA PRINCIPAL--NOMBRE DE PERSONA | |
| Nombre de persona | Nacidit-Perdomo, Ylonka, |
| Fechas asociadas al nombre | 1965- |
| 9 (RLIN) | 24277 |
| 245 10 - MENCIÓN DE TÍTULO | |
| Título | Papeles de la noche / |
| Mención de responsabilidad, etc. | Ylonka Nacidit-Perdomo ; edición Aurora Arias. |
| 260 ## - PUBLICACIÓN, DISTRIBUCIÓN, ETC. | |
| Lugar de publicación, distribución, etc. | Santo Domingo : |
| Nombre del editor, distribuidor, etc. | Cocolo Editorial : |
| -- | CDLEH, |
| Fecha de publicación, distribución, etc. | 1998. |
| 300 ## - DESCRIPCIÓN FÍSICA | |
| Extensión | 56 p. ; |
| Dimensiones | 18 cm. |
| 490 1# - MENCIÓN DE SERIE | |
| Mención de serie | Cotidianas de estival |
| 590 ## - NOTA LOCAL (RLIN) | |
| Nota local | Inventariado, 2018/LP |
| 650 #0 - PUNTO DE ACCESO ADICIONAL DE MATERIA--TÉRMINO DE MATERIA | |
| Término de materia o nombre geográfico como elemento de entrada | Poesía dominicana |
| 9 (RLIN) | 66 |
| 650 #0 - PUNTO DE ACCESO ADICIONAL DE MATERIA--TÉRMINO DE MATERIA | |
| Término de materia o nombre geográfico como elemento de entrada | Literatura dominicana. |
| 9 (RLIN) | 67 |
| 700 1# - PUNTO DE ACCESO ADICIONAL--NOMBRE DE PERSONA | |
| Nombre de persona | Arias, Aurora, |
| Fechas asociadas al nombre | 1962- |
| Término indicativo de función/relación | ed. |
| 9 (RLIN) | 24278 |
| 830 #0 - PUNTO DE ACCESO ADICIONAL DE SERIE-TÍTULO UNIFORME | |
| Título uniforme | Cotidianas de estival |
| 9 (RLIN) | 24279 |
| 910 ## - DATOS DE OPCIÓN DEL USUARIO (OCLC) | |
| Datos de opción del usuario | Validado. Control de calidad MMOLINA |
| Estado de retiro | Estado de pérdida | No para préstamo | Código de colección | Localización permanente | Ubicación/localización actual | Ubicación en estantería | Fecha de adquisición | Número de inventario | Total de préstamos | Signatura topográfica completa | Código de barras | Fecha visto por última vez | Precio válido a partir de | Tipo de ítem Koha | Número de copia |
|---|---|---|---|---|---|---|---|---|---|---|---|---|---|---|---|
| Excluido de préstamo | Patrimonio Dominicano | Patrimonio Dominicano | Patrimonio Dominicano | Depósito | 30.09.2009 | LF1 | RD861.44 N124p | 9474-10 | 25.06.2020 | 25.06.2020 | Libro y Folleto Colección Patrimonio Dominicano | ||||
| Excluido de préstamo | Patrimonio Dominicano | Patrimonio Dominicano | Patrimonio Dominicano | Depósito | 09.10.2009 | LF1 | RD861.44 N124p | 9474-20 | 25.06.2020 | 25.06.2020 | Libro y Folleto Colección Patrimonio Dominicano | e. 2 | |||
| Excluido de préstamo | Dominicana de Servicio | Patrimonio Dominicano | Patrimonio Dominicano | Depósito | 06.05.2011 | LF1 | RD861.44 N124p | 9474-30 | 25.06.2020 | 25.06.2020 | Libro y Folleto Colección Dominicana de Servicio | e. 3 |
